Homophone Spelling Click Quiz - 5 - Statistics

General Stats
  • This quiz has been taken 219 times
  • The average score is 20 of 25
Answer Stats
Hint Answer % Correct
Relating to the mouth, or speaking Oral
90%
Feeling of physical suffering Pain
90%
Distinctive, often pleasant, smell Scent
90%
Lift to a higher position or level Raise
89%
Escape of liquid from a hole Leak
88%
Beams of light Rays
88%
Decimal monetary unit Cent
87%
Metal implement used to lock and unlock doors Key
87%
Casting of votes in an election Poll
87%
Bladed piece of wood used for rowing a boat Oar
86%
Edible plant, related to the onion Leek
85%
Used to indicate an alternative Or
85%
Mineral from which a metal can be obtained Ore
85%
Window glass Pane
85%
One of the ends of a magnet Pole
81%
Posted from one place to another Sent
80%
Relating to the ear, or hearing Aural
79%
Fade or decline in strength Wane
77%
Miserable or unhappy person Wretch
76%
Wharf where ships are loaded and unloaded Quay
75%
Make the sound and movement of vomiting Retch
70%
Destroy or demolish Raze
69%
Male attendant or servant Knave
64%
Central part of a church Nave
64%
Large open farm wagon Wain
56%
No matching quizzes found
Score Distribution
Percent of People with Each Score
Percentile by Number Answered
Your Score History
You have not taken this quiz